| 000 | 00869cam a2200301Mu 4500 | ||
|---|---|---|---|
| 001 | 93465 | ||
| 005 | 20230410132922.0 | ||
| 008 | 850101s19779999sp 000 0 und d | ||
| 035 | _a(OCoLC)ocn310645209 | ||
| 040 |
_aDEBSZ _erakwb _bger _cDEBSZ _dDEBBG |
||
| 020 | _a8424935500 | ||
| 020 | _a9788424935504 | ||
| 029 | 1 |
_aDEBBG _bBV001202787 |
|
| 035 | _a(OCoLC)310645209 | ||
| 050 | 1 | 4 |
_aB 171 _bB582 1977 |
| 100 | 0 | _aApiano. | |
| 130 | 1 | _aBiblioteca Clásica Gredos. | |
| 245 | 1 | 0 |
_aHistoria Romana I / _cApiano. Introd., trad. y notas de Antonio Sancho Royo. |
| 260 |
_aMadrid : _bGredos, _c1977 |
||
| 300 | _a646 p. | ||
| 440 | 0 |
_aBiblioteca clásica Gredos ; _vn.34 |
|
| 650 | 0 | _aPhilosophy, Classical. | |
| 650 | 0 | _aPhilosophy, Ancient. | |
| 650 | 0 |
_aPhilosophers, Ancient _xBiography |
|
| 942 |
_2lcc _cbk |
||
| 946 | _amjcruz | ||
| 994 |
_aC0 _bDRFGD |
||
| 999 |
_c90191 _d90191 |
||